[Event "DSB-Kader-Challenge 2021"]
[Site "Magdeburg"]
[Date "2021.04.07"]
[Round "4.2"]
[White "Bluebaum, Matthias"]
[Black "Wagner, Dennis"]
[Result "1/2-1/2"]
[WhiteElo "2670"]
[BlackElo "2581"]
[Annotator "TA"]
[PlyCount "92"]
[EventDate "2021.04.05"]
[EventType "tourn"]
[EventCountry "GER"]
[SourceTitle "playchess.com"]
[Source "ChessBase"]
[SourceQuality "1"]

{[%evp 13,92,22,25,34,25,24,24,11,8,13,11,2,18,18,12,-11,-23,-14,0,13,21,20,18,21,16,13,15,15,40,0,18,22,10,0,4,2,16,12,53,58,60,56,53,50,44,52,66,45,76,33,121,22,107,15,15,0,37,0,0,0,0,0,0,0,0,-45,0,-26,0,0,0,-18,0,0,0,-8,0,0,0,0,0]} 1. d4 Nf6 2. Nf3 g6 3. c4 Bg7 4. e3 O-O 5. Be2 c5 6. d5 d6 7. Nc3 e6 8. O-O {E61: King's Indian: Early deviations for White, including Smyslov System.} Na6 9. e4 Re8 10. h3 {White has an edge.} exd5 11. exd5 Bf5 {[#]} 12. Bd3 $146 ({Predecessor:} 12. a3 Nc7 13. Bd3 Qd7 14. Bxf5 gxf5 15. Rb1 Ne4 16. Qc2 Re7 17. Be3 Rae8 18. Qc1 {½-½ (39) Matsuoka,J (1239)-Chen,Y (1819) Tianjin 2020}) 12... Ne4 13. Nxe4 Bxe4 14. Ng5 Bxd3 15. Qxd3 Qe7 16. Qb3 h6 17. Nf3 Qd7 18. Bd2 Nc7 19. a4 b6 20. Rae1 Qf5 21. Bc3 Rab8 22. Bxg7 Kxg7 23. Nd2 Rxe1 24. Rxe1 {aiming for Re7.} Re8 25. Qc3+ Qf6 (25... Kg8 {is more complex.} 26. Re3 Qf4 27. Rxe8+ Nxe8 28. g3 Qg5) 26. Qxf6+ Kxf6 $14 {[%mdl 4096] Endgame KRN-KRN} 27. Ne4+ Kg7 {[#] ...f5 is the strong threat.} 28. Re3 Rd8 29. g4 Ne8 30. f4 Kf8 31. Kf2 Rd7 (31... f5 $14) 32. Kf3 (32. f5 $16) 32... Re7 {[#]} (32... f5 $1 $11) 33. Rb3 (33. f5 $1 $16) 33... f5 $11 34. Ng3 Ng7 35. a5 bxa5 36. Rb8+ Re8 37. Rb5 a4 38. g5 h5 39. Nf1 Re1 (39... h4 $5 {[%cal Rg7h5]} 40. Ne3 Nh5 $11) 40. Ne3 (40. Rb8+ {feels hotter.} Ne8 41. Nd2 Rh1 42. Kg3 h4+ 43. Kxh4 Rd1 44. Nf3) 40... Rh1 (40... h4 {looks sharper.} 41. Rb8+ Ne8 42. Ra8 Rh1 43. Kg2 Rb1) 41. Kg3 {The position is equal.} Rb1 42. Ra5 (42. Ng2 {seems wilder.} a6 43. Ra5 h4+ 44. Kxh4 Rxb2 45. Rxa6 Nh5 46. Ra8+) 42... Rxb2 {White must now prevent ...h4+!} 43. Rxa4 Rb7 44. Ng2 Ne8 45. Nh4 Kf7 46. Ra6 $1 Re7 {Weighted Error Value: White=0.16/Black=0.16} 1/2-1/2

[Event "DSB-Kader-Challenge 2021"]
[Site "Magdeburg"]
[Date "2021.04.07"]
[Round "4.3"]
[White "Heimann, Andreas"]
[Black "Engel, Luis"]
[Result "1-0"]
[WhiteElo "2606"]
[BlackElo "2553"]
[Annotator "TA"]
[PlyCount "103"]
[EventDate "2021.04.05"]
[EventType "tourn"]
[EventCountry "GER"]
[SourceTitle "playchess.com"]
[Source "ChessBase"]
[SourceQuality "1"]

{[%evp 15,103,4,21,8,8,-23,-14,-29,45,23,43,32,57,58,45,42,86,77,80,74,82,76,77,83,65,50,89,89,194,170,219,233,276,279,318,308,304,165,124,140,163,0,8,8,8,8,8,8,15,0,0,-8,143,143,147,120,125,100,116,112,106,85,107,104,71,76,452,426,724,709,896,840,1016,1010,1203,1131,1516,1508,1358,1335,29987,29988,29988,29989,29990,29991,29991,29992,29992,29992]} 1. e4 c5 2. Nf3 d6 3. d4 cxd4 4. Nxd4 Nf6 5. Nc3 a6 6. Be3 e5 7. Nb3 Be6 8. Qd2 Be7 9. f4 {B90: Sicilian Najdorf: Unusual White 6th moves, 6 Be3 Ng4 and 6 Be3 e5.} b5 10. O-O-O Nbd7 11. h3 {The position is equal.} h5 {[#]} (11... O-O $11) 12. g3 $146 ({Predecessor:} 12. Kb1 Bc4 13. Be2 h4 14. Rhf1 Rc8 15. Nc1 O-O 16. Bd3 Qc7 17. fxe5 dxe5 18. g4 hxg3 {1-0 (32) Fedorchuk,S (2660)-Esen,B (2557) Legnica 2013}) 12... Qc7 13. Nd5 Bxd5 14. exd5 Rc8 15. Bg2 b4 16. Kb1 a5 17. fxe5 Nxe5 18. Nd4 O-O 19. b3 Rfe8 20. Rhf1 Nfd7 21. Nc6 Bf8 (21... Bf6 $16) 22. g4 hxg4 23. hxg4 Nxg4 24. Bd4 g6 25. Bh3 ({Not} 25. Qf4 Nde5 $11) 25... Nge5 26. Qf4 (26. Qg5 $142 $1) 26... Bg7 $18 27. Rd2 Nf6 28. Bxe5 $2 (28. Bxc8 $18 Nxd5 29. Qf2 Nc3+ 30. Bxc3 bxc3 31. Rxd6 $3 {[%mdl 576] Remove Defender} Qxd6 32. Nxe5) 28... dxe5 29. Qc4 Rcd8 {[%cal Rd8d6]} 30. Nxd8 Qxc4 31. bxc4 Ne4 32. Rd3 Rxd8 33. d6 $1 f5 $2 {[#]} (33... Bf8 $11) 34. Bg2 $1 $36 {[%cal Rg2e4][%mdl 2048] Strongly threatening Bxe4. Black is under strong pressure.} Nc5 35. Rd5 Na4 36. Rxa5 Nc3+ 37. Kb2 {Black must now prevent c5.} Rxd6 38. c5 Rd8 39. Bb7 {Hoping for c6.} e4 40. Kb3 {aiming for c6.} e3 $2 {[%mdl 8192] [#] This costs Black the game.} (40... Be5 $16) 41. c6 $1 $18 {[%cal Rc6c7] c7 is the strong threat.} e2 (41... Nd5 $142 42. Rxd5 {[%mdl 64] Remove Defender, Promotion} Rxd5) 42. Re1 Rd1 {[#]} 43. Rxe2 $3 {[%mdl 576] Promotion} Nxe2 (43... Nd5 44. Rxd5) 44. c7 Rb1+ 45. Kc4 Rc1 46. c8=Q+ Kh7 {[#]} 47. Be4 $1 fxe4 (47... Rf1 48. Rxf5) 48. Qh3+ {White mates.} Kg8 49. Ra8+ Bf8 50. Qe6+ {[%mdl 64] Double Attack} Kg7 51. Qe5+ Kg8 52. Qxe4 {[%mdl 64] Double Attack.  Weighted Error Value: White=0.15/Black=0.55} 1-0

[Event "DSB-Kader-Challenge 2021"]
[Site "Magdeburg"]
[Date "2021.04.07"]
[Round "4.4"]
[White "Svane, Rasmus"]
[Black "Huschenbeth, Niclas"]
[Result "1-0"]
[WhiteElo "2613"]
[BlackElo "2604"]
[Annotator "TA"]
[PlyCount "133"]
[EventDate "2021.04.05"]
[EventType "tourn"]
[EventCountry "GER"]
[SourceTitle "playchess.com"]
[Source "ChessBase"]
[SourceQuality "1"]

{[%evp 9,133,10,15,6,26,16,23,18,27,31,42,51,54,50,47,47,40,44,50,40,53,50,65,66,76,37,42,32,32,31,32,25,29,29,31,29,35,29,49,46,41,36,33,22,97,93,102,19,27,0,14,11,46,0,28,8,8,8,32,32,31,0,87,32,32,32,32,32,32,32,37,32,32,32,222,185,253,243,545,526,522,222,744,497,475,388,668,650,635,637,657,635,577,554,499,494,802,615,2157,2256,1906,1777,29968,29967,5101,4878,29975,29974,29974,29975,29977,29978,29976,29977,29980,29978,29982,29983,29983,29984,29985,29986,29986,29987,29987,29988]} 1. e4 c5 2. Nf3 d6 3. Bb5+ Nd7 4. c4 Ngf6 5. Nc3 e6 6. O-O {B51: Sicilian: Moscow Variation (3 Bb5+) without 3...Bd7.} Be7 7. d4 cxd4 8. Qxd4 {White has an edge.} O-O 9. Rd1 Qc7 10. Bxd7 Bxd7 {[#]} 11. Bf4 $146 {e5 is the strong threat.} ({Predecessor:} 11. Bg5 Bc6 12. Rac1 Rfd8 13. h3 Be8 14. b3 a6 15. Qd3 Rac8 16. Qe2 Qa5 17. Rc2 {½-½ (17) Alice,M (2124)-Van den Heever,D (2277) Windhoek 2014}) 11... Bc6 {Threatens to win with ...e5.} 12. Bxd6 Bxd6 13. Qxd6 Qxd6 14. Rxd6 Bxe4 15. Ne5 Rfc8 16. Rad1 Bc6 17. Nxc6 (17. f3 {seems wilder.} Be8 18. b3 Rc5 19. f4 h6 20. g3) 17... bxc6 18. f3 Kf8 19. Kf2 Ke7 20. R6d2 Rd8 21. Rxd8 Rxd8 22. Rxd8 Kxd8 $11 {[%mdl 4096] Endgame KN-KN} 23. Ke3 Ke7 24. b4 e5 25. a4 Nd7 26. Kd3 a5 (26... g6 $11) 27. bxa5 $16 Nc5+ 28. Kc2 ({Better is} 28. Ke3 $16) 28... Kd6 29. a6 Nxa6 30. Ne4+ Ke6 31. Kc3 h6 32. a5 f5 33. Nf2 Kd6 34. g4 g6 35. h4 h5 (35... Nc5 $11 {keeps the balance.}) 36. gxh5 (36. Kd2 $1 $16) 36... gxh5 $14 37. Nh1 f4 38. Nf2 Nc5 39. Nd3 {Hoping for Nxc5.} Na6 40. Kd2 Ke6 $1 41. Kc2 Kd6 $2 {A mistake that costs the game.} ({Black should try} 41... Kf5 $14) 42. Kc3 $18 Nc7 (42... Nb8 {was called for.} 43. Nb4 Nd7) 43. Nb4 $1 c5 $2 (43... Kc5 44. a6 Kb6) 44. Nd3 Na6 {[#]} 45. Nf2 $1 Ke7 $2 (45... Nb8 46. Ne4+ Kc7 47. Nxc5 Nc6) 46. Ne4 Kd7 47. Kd2 Ke6 $2 (47... Kc8 48. Nf2 Nb4) 48. Kc2 Kd7 49. Kc3 Ke6 50. Kb3 Kd7 {[#]} 51. Ka4 $1 Kc6 52. Nf6 Nc7 (52... Nb8 $142 53. Nxh5 Nd7) 53. Nxh5 Ne6 {If Black can now play ...Nd4 this consolidates a bit.} 54. Nf6 Nd4 55. h5 Nxf3 56. Ne4 Nh4 57. h6 f3 58. h7 {White mates.} Ng6 59. Kb3 Kc7 60. Kc3 Kb7 61. Nxc5+ Ka7 62. Kd3 e4+ 63. Ke3 Nh8 64. Nxe4 Ka6 65. Kxf3 Kxa5 66. Kf4 Kb4 67. c5 {Weighted Error Value: White=0.13/Black=0.52} 1-0

[Event "DSB-Kader-Challenge 2021"]
[Site "Magdeburg"]
[Date "2021.04.08"]
[Round "5.1"]
[White "Svane, Frederik"]
[Black "Fridman, Daniel"]
[Result "0-1"]
[WhiteElo "2421"]
[BlackElo "2601"]
[Annotator "TA"]
[PlyCount "148"]
[EventDate "2021.04.05"]
[EventType "tourn"]
[EventCountry "GER"]
[SourceTitle "playchess.com"]
[Source "ChessBase"]
[SourceQuality "1"]

{[%evp 9,148,22,23,16,33,27,31,26,32,24,35,26,30,37,38,41,46,47,42,41,42,42,45,42,45,16,60,44,62,43,43,50,50,43,58,66,65,66,66,68,65,23,27,-1,0,0,0,0,12,7,7,9,22,0,0,-64,-59,-229,-221,-230,-194,-364,-283,-277,-11,-19,-20,-20,-20,-18,0,-20,0,0,0,0,0,0,0,0,0,0,0,0,0,-28,-27,-30,0,0,0,0,0,0,0,0,0,0,0,0,0,0,0,0,0,-20,-20,-27,-23,-26,-8,-8,-8,-533,-560,-420,-115,-115,-112,-112,-112,-112,-112,-580,-580,-580,-573,-868,-744,-2097,-1928,-29981,-29982,-29983,-29983,-29983,-29983,-29992,-29993,-29993,-29994]} 1. e4 c6 2. d4 d5 3. exd5 cxd5 4. Nf3 Nf6 5. c3 Nc6 6. Ne5 {B13: Caro-Kann: Exchange Variation and Panov-Botvinnik Attack.} g6 7. Bb5 Bd7 8. Nxd7 {White is slightly better.} Qxd7 9. O-O Bg7 10. Nd2 O-O 11. Nf3 Qc7 {[#]} 12. g3 $146 ({Predecessor:} 12. Re1 e6 13. Qe2 Ne7 14. Ne5 Nf5 15. Bd3 a6 16. Bf4 Bh6 17. Qd2 Bxf4 18. Qxf4 {½-½ (31) Favarel,J (2366)-Villegas,P (2349) Condom 2019}) 12... Rad8 13. Bf4 Qb6 14. Qe2 e6 15. h4 Rfe8 16. Rfe1 a6 17. Bd3 Nh5 18. Bg5 Rc8 19. Be3 Qc7 20. Rad1 Bf8 21. Bc1 f6 22. Qf1 Bd6 23. Qh3 Qf7 24. Re3 Rc7 25. Rde1 {[%cal Re3e6]} Rce7 26. Nh2 Kh8 27. Bc2 e5 28. dxe5 Nxe5 29. Qg2 $1 f5 30. Nf3 f4 31. Nxe5 Bxe5 32. Rf3 (32. gxf4 $1 $11 Bxf4 33. Rxe7 Rxe7 34. Be3 Bxe3 35. Rxe3) 32... Nxg3 $15 33. Bb3 $2 (33. Bxf4 $1 $15 Bxf4 34. Rxe7 Qxe7 35. fxg3 Qe1+ 36. Rf1 Qxg3 37. Qxg3 Bxg3 38. Bb3) 33... Nf5 $19 34. Qh3 Qf6 35. Bxd5 $2 (35. Bd2 {was necessary.}) 35... Nxh4 36. Rd3 f3 $2 ({Black should try} 36... g5 $19 {Threatens to win with ...g4!} 37. Qg4 Qg6) 37. Re4 $11 g5 38. Qg4 $1 h6 39. Be3 Qg6 40. Rd1 Bh2+ 41. Kxh2 Rxe4 42. Bxe4 Qxe4 43. Qh5 Qg6 44. Qxg6 Nxg6 {[%mdl 4096] Endgame KRB-KRN} 45. Kg3 Kg7 46. Rd6 Re7 47. b3 Nh4 {White must now prevent ...Nf5+.} 48. Bd4+ Kh7 {And now ...Nf5+ would win.} (48... Kg8 $5 {[%cal Rh4f5]} 49. Rb6 Rf7 $11) 49. Rf6 Re4 50. Be3 Kg7 51. Rb6 Re7 52. Bd4+ Kh7 53. Rf6 Re4 54. Be3 Kg7 55. Rb6 Re7 56. Bd4+ Kh7 57. Bf6 Re4 58. Bd4 $1 Rf4 {Hoping for ...Nf5+.} 59. Rxb7+ Kg6 {aiming for ...Nf5+.} 60. Rb6+ Kh5 61. Rxa6 $2 {[%mdl 8192]} (61. Rf6 $11 {and White has nothing to worry.} Nf5+ {[%mdl 64] Double Attack} 62. Kh2) 61... Nf5+ $19 {[%mdl 64] [#] Double Attack} 62. Kh2 Rh4+ $2 (62... Nxd4 $19 63. cxd4 Rg4) 63. Kg1 $17 Rg4+ 64. Kf1 Nxd4 65. cxd4 Rxd4 {[%cal Rd4d1] KR-KR} 66. Ke1 $2 {[%mdl 8192]} (66. Kg1 $17 {nothing else works.}) 66... Re4+ $19 67. Kf1 {[#]} Re2 $1 68. Kg1 Kg4 69. a3 h5 70. Rd6 Kh3 {[%cal Re2e1] Black mates.} 71. Rd1 g4 72. b4 g3 73. Rf1 gxf2+ 74. Rxf2 Kg3 {Weighted Error Value: White=0.12/Black=0.14} 0-1

[Event "DSB-Kader-Challenge 2021"]
[Site "Magdeburg"]
[Date "2021.04.08"]
[Round "5.2"]
[White "Huschenbeth, Niclas"]
[Black "Kollars, Dmitrij"]
[Result "1-0"]
[WhiteElo "2604"]
[BlackElo "2598"]
[Annotator "TA"]
[PlyCount "95"]
[EventDate "2021.04.05"]
[EventType "tourn"]
[EventCountry "GER"]
[SourceTitle "playchess.com"]
[Source "ChessBase"]
[SourceQuality "1"]

{[%evp 14,95,29,39,23,31,38,0,56,56,75,62,95,91,127,98,83,85,80,77,137,0,138,134,145,139,128,132,138,130,131,132,135,139,141,114,113,79,150,141,133,144,143,142,215,214,220,129,136,134,156,131,135,70,71,67,79,64,67,66,68,76,100,103,64,104,230,227,262,275,278,273,267,204,699,690,990,937,1895,1739,29986,29987,29987,5026]} 1. e4 e5 2. Nf3 Nc6 3. Bc4 Nf6 4. Ng5 d5 5. exd5 Na5 6. Bb5+ c6 7. dxc6 bxc6 8. Bd3 Nd5 {C58: Two Knights: 4 Ng5 d5 5 exd5 Na5 sidelines.} 9. h4 Qc7 10. Nc3 Nf4 {[#]} (10... h6 $11 11. Nxd5 cxd5) 11. Be4 $146 ({Predecessor:} 11. Bf1 h6 12. Nf3 Bd6 13. d4 exd4 14. Nxd4 O-O 15. Be3 Re8 16. Qf3 h5 17. Qd1 {0-1 (27) Martin Duque,J (2454)-Diermair,A (2487) Bassano del Grappa 2021}) 11... h6 12. Nf3 Bg4 {aiming for ...f5.} 13. d4 $1 Bb4 14. Bxf4 (14. dxe5 $6 Rd8 $14) 14... exf4 15. Qd3 O-O 16. Ne5 $1 {[%cal Re5g4]} Be6 (16... Bh5 $142) 17. Bh7+ $16 Kh8 {Hoping for ...c5.} 18. Bf5 $1 {[%cal Rf5e6]} c5 19. Bxe6 cxd4 20. Qxd4 {[%mdl 64] Double Attack} Bxc3+ 21. Qxc3 ({Don't play} 21. bxc3 $6 Rfe8 $14) 21... Qxc3+ 22. bxc3 Rae8 {[#]} 23. O-O-O $1 Rxe6 24. Rhe1 $36 {[%mdl 2048] White has strong initiative.} Kg8 25. Nd7 Rfe8 (25... Rxe1 $142 26. Rxe1 Rc8) 26. Rxe6 Rxe6 {[%mdl 4096] Endgame KRN-KRN} 27. Rd4 Re1+ 28. Kd2 Rg1 (28... Re7 $16 {might work better.} 29. h5 f6) 29. Ra4 $18 ({Resist} 29. Rxf4 $6 Rxg2 30. Ne5 f6 $16) 29... Nc6 30. Ra6 ({Not} 30. Rxf4 Rxg2 31. Rc4 Ne7 $14) ({Better is} 30. Rc4 $1 $18 {[%cal Rc4c6]}) 30... Nd8 $16 31. Rxa7 {Threatens to win with Ra8.} Ne6 32. Ke2 Rxg2 33. a4 ({White should play} 33. Ne5 $16) 33... g5 $1 $14 34. hxg5 Rxg5 35. a5 h5 36. a6 {Strongly threatening Rb7.} Ra5 37. Kf3 Kg7 38. c4 {[%cal Bc3c4,Bc4c5][%mdl 32]} Ra3+ 39. Kg2 h4 {A mistake that costs the game.} (39... Ra5 $16) 40. c5 $1 $18 h3+ 41. Kh2 Ng5 {White must now prevent ...Rf3.} 42. Ne5 Kf6 {[#]} 43. Nd3 {c6 is the strong threat.} Ra5 $2 (43... Nf3+ 44. Kxh3 Ne5) 44. Rb7 Kf5 45. a7 Ra1 46. c6 Kg4 47. Ne5+ {[%mdl 64] Double Attack} Kh4 48. Rb8 {Weighted Error Value: White=0.07/Black=0.55} (48. c7 $142 f6 49. Ng6+ Kh5 50. Nxf4+ Kh4 51. Ng6+ Kh5 {[#]} 52. c8=Q $1 Ra6 53. Qf5) 1-0

[Event "DSB-Kader-Challenge 2021"]
[Site "Magdeburg"]
[Date "2021.04.08"]
[Round "5.3"]
[White "Engel, Luis"]
[Black "Svane, Rasmus"]
[Result "1/2-1/2"]
[WhiteElo "2553"]
[BlackElo "2613"]
[Annotator "TA"]
[PlyCount "94"]
[EventDate "2021.04.05"]
[EventType "tourn"]
[EventCountry "GER"]
[SourceTitle "playchess.com"]
[Source "ChessBase"]
[SourceQuality "1"]

{[%evp 16,94,8,-12,-11,-13,-15,-26,-2,-20,-27,-24,17,-31,-10,-39,-37,-31,-31,-38,-15,-17,-18,-17,-31,-42,-42,-38,-33,-27,-14,-16,-19,-20,-10,-4,0,0,0,0,12,0,14,0,0,0,0,0,0,0,0,0,0,0,0,0,4,4,6,5,5,4,12,0,0,0,0,0,8,0,0,0,0,0,0,0,0,0,0,0,0]} 1. e4 e5 2. Nc3 Nf6 3. g3 d5 4. exd5 Nxd5 5. Bg2 Nxc3 6. bxc3 Nc6 7. Nf3 Bd6 8. O-O O-O 9. d3 Rb8 {C47: Scotch Four Knights and Four Knights with 4 g3.} 10. Rb1 h6 11. Re1 Be6 {Black has an edge.} 12. c4 {[#]} Qd7 $146 ({Predecessor:} 12... Qc8 13. Bb2 Bg4 14. Qc1 f6 15. Nh4 Ne7 16. Ba3 c5 17. Bb2 b6 18. Bc3 Qd7 {1-0 (38) Kosanovic,G (2430)-Savic,M (2294) Borovo 2001}) 13. Bb2 {[%cal Rf3e5]} Bg4 14. Bc3 (14. h3 $5 Bxh3 15. Nxe5 Nxe5 16. Bxh3 Qxh3 17. Bxe5 $11) 14... b6 15. Qc1 {[%cal Rf3e5]} f6 16. Qb2 Bc5 17. Nd2 Nd4 18. Bxd4 Bxd4 19. c3 Bc5 20. d4 exd4 21. Bd5+ Kh8 22. cxd4 {[#]} c6 $1 23. dxc5 {aiming for Bf3.The position is equal.} cxd5 24. cxb6 dxc4 25. Nxc4 axb6 26. Nxb6 Qb7 {[#] ...Bh3 is the strong threat.} 27. Nc4 Qa7 28. Qd2 Rbd8 29. Qf4 Rd4 30. Qe3 Rfd8 31. Qb3 Qc5 32. Rbc1 Qh5 33. Ne3 Bf3 34. Rc4 Rd3 35. Rc3 Rd2 (35... Rxc3 {with more complications.} 36. Qxc3 Ba8 37. Qc7 Rg8 38. Qf4 Qa5) 36. Nf1 Rd1 37. Rxd1 Bxd1 38. Qb6 Re8 39. Re3 Rc8 40. Qb7 Bg4 41. Re7 {And now h3 would win.} Rg8 (41... Rc1 {looks sharper.} 42. Qb8+ Rc8 43. Qb7) 42. a4 (42. Ne3 {feels hotter.} Bf3 43. Qb4 Bc6 44. g4 Qh3 45. Qf4) 42... Bf3 43. Qb5 (43. Qd7 {seems wilder.} Qc5 44. Re8 Bc6 45. Rxg8+ Kxg8 46. Qe6+) 43... Qxb5 44. axb5 Rb8 45. Nd2 Bd5 46. Ne4 Bxe4 47. Rxe4 Rxb5 {Weighted Error Value: White=0.06/Black=0.05} 1/2-1/2

[Event "DSB-Kader-Challenge 2021"]
[Site "Magdeburg"]
[Date "2021.04.08"]
[Round "5.4"]
[White "Wagner, Dennis"]
[Black "Heimann, Andreas"]
[Result "1/2-1/2"]
[WhiteElo "2581"]
[BlackElo "2606"]
[Annotator "ChessBase"]
[PlyCount "80"]
[EventDate "2021.04.05"]
[EventType "tourn"]
[EventCountry "GER"]
[SourceTitle "playchess.com"]
[Source "ChessBase"]
[SourceQuality "1"]
[TimeControl "40/5400+30:1800+30"]

1. d4 {[%emt 0:00:00]} d5 {[%emt 0:00:00]} 2. c4 {[%emt 0:00:00]} e6 {[%emt 0:00:00]} 3. Nf3 {[%emt 0:00:00]} Nf6 {[%emt 0:00:00]} 4. Nc3 {[%emt 0:00:09]} c5 {[%emt 0:00:00]} 5. e3 {[%emt 0:01:51]} a6 {[%emt 0:00:31]} 6. cxd5 {[%emt 0:00:35]} exd5 {[%emt 0:00:09]} 7. b3 {[%emt 0:01:54]} cxd4 {[%emt 0:16:07]} 8. Nxd4 {[%emt 0:04:56]} Bb4 {[%emt 0:00:06]} 9. Bd2 {[%emt 0:03:36]} Nc6 {[%emt 0:00:14]} 10. Nxc6 {[%emt 0:02:40]} bxc6 {[%emt 0:00:19]} 11. Bd3 {[%emt 0:13:49]} Ng4 {[%emt 0:07:35]} 12. Ne2 {[%emt 0:08:34]} Qh4 {[%emt 0:17:22]} 13. Ng3 {[%emt 0:32:39]} Nxf2 {[%emt 0:05:40]} 14. Kxf2 {[%emt 0:00:05]} Bxd2 {[%emt 0:00:05]} 15. Qxd2 {[%emt 0:00:06]} Qf6+ {[%emt 0:00:25]} 16. Bf5 {[%emt 0:00:04]} Bxf5 {[%emt 0:01:09]} 17. Qd4 {[%emt 0:00:05]} Qxd4 {[%emt 0:15:20]} 18. exd4 {[%emt 0:00:02]} Bg6 {[%emt 0:03:33]} 19. h4 {[%emt 0:05:04]} O-O-O {[%emt 0:05:56]} 20. Rhe1 {[%emt 0:06:28]} Rhe8 {[%emt 0:03:17]} 21. Rac1 {[%emt 0:01:34]} Kc7 {[%emt 0:01:56]} 22. Rxe8 {[%emt 0:03:45]} Rxe8 {[%emt 0:00:05]} 23. Rc3 {[%emt 0:02:34]} Kd6 {[%emt 0:06:48]} 24. Re3 {[%emt 0:04:11]} Re6 {[%emt 0:00:31]} 25. Rxe6+ {[%emt 0:02:08]} fxe6 {[%emt 0:04:53]} 26. b4 {[%emt 0:00:11]} Be4 {[%emt 0:05:15]} 27. Nh5 {[%emt 0:00:21]} e5 {[%emt 0:00:51]} 28. Ke3 {[%emt 0:00:02]} Bxg2 {[%emt 0:03:45]} 29. Nxg7 {[%emt 0:00:05]} Bh3 {[%emt 0:00:37]} 30. Ne8+ {[%emt 0:02:13]} Ke7 {[%emt 0:01:09]} 31. Nc7 {[%emt 0:00:04]} Bc8 {[%emt 0:00:54]} 32. Na8 {[%emt 0:03:18]} Kd6 {[%emt 0:00:40]} 33. Nb6 {[%emt 0:00:41]} Bh3 {[%emt 0:00:39]} 34. Na4 {[%emt 0:01:01]} Bf1 {[%emt 0:00:14]} 35. Nc5 {[%emt 0:00:03]} h6 {[%emt 0:00:28]} 36. a4 {[%emt 0:01:35]} Bc4 {[%emt 0:00:24]} 37. Nb7+ {[%emt 0:00:52]} Kc7 {[%emt 0:00:37]} 38. Nc5 {[%emt 0:00:10]} Kd6 {[%emt 0:00:15]} 39. Nb7+ {[%emt 0:00:05]} Kc7 {[%emt 0:00:52]} 40. Nc5 {[%emt 0:00:04]} Kd6 {[%emt 0:00:38]} 1/2-1/2

[Event "DSB-Kader-Challenge 2021"]
[Site "Magdeburg"]
[Date "2021.04.08"]
[Round "5.5"]
[White "Donchenko, Alexander"]
[Black "Bluebaum, Matthias"]
[Result "1/2-1/2"]
[WhiteElo "2659"]
[BlackElo "2670"]
[Annotator "TA"]
[PlyCount "80"]
[EventDate "2021.04.05"]
[EventType "tourn"]
[EventCountry "GER"]
[SourceTitle "playchess.com"]
[Source "ChessBase"]
[SourceQuality "1"]

{[%evp 9,80,1,6,10,0,-15,-12,-46,-45,-54,-47,-65,-61,-72,-76,-72,-46,-43,-52,-45,-34,-71,-9,-33,0,0,0,-17,0,-6,0,-25,-6,-15,-14,-31,-4,-66,-14,-14,-17,-17,10,10,7,4,10,6,5,14,8,12,8,0,0,0,0,0,0,0,0,0,0,0,0,0,0,0,0,0,0,0,0]} 1. e4 c6 2. d4 d5 3. e5 c5 4. Nf3 cxd4 5. Qxd4 Nc6 6. Qf4 {B12: Caro-Kann: Advance Variation.} e6 {[#]} 7. c3 $146 ({Predecessor:} 7. Bd3 Nb4 8. O-O Nxd3 9. cxd3 Ne7 10. Nc3 Ng6 11. Qg3 Be7 12. Ne2 O-O 13. Ned4 {1-0 (22) Zhigalko,S (2572)-Grandelius,N (2663) Chess.com INT 2021}) 7... Qc7 8. Be3 f6 9. Bb5 Nge7 10. Bd4 Nf5 {aiming for ...g5.} 11. Qd2 Be7 12. O-O a6 13. Ba4 Nfxd4 14. cxd4 b5 15. exf6 {[#]} Bxf6 ({Much weaker is} 15... gxf6 16. Bb3 $11) (15... Bb4 $1 $17 {[%cal Rb4d2]} 16. fxg7 Qxg7) 16. Bc2 Qb6 {[%cal Rc6d4]} 17. Rd1 O-O 18. Nc3 Ra7 19. Ne2 Raf7 20. Rf1 e5 {Hoping for ...e4.} 21. Bb3 Be6 22. Rad1 Kh8 23. Qe3 (23. Rfe1 $11) 23... Nxd4 (23... e4 $15 24. Nf4 Ne7) 24. Nexd4 $11 {The position is equal.} exd4 25. Nxd4 Re7 {[#] White must now prevent ...Bg4.} 26. Nxe6 Qxe3 27. fxe3 Rxe6 28. Rf3 Rfe8 29. Rxd5 Rxe3 30. Rxe3 Rxe3 {[%mdl 4096] Endgame KRB-KRB} 31. Kf2 Re8 32. Rd2 g6 33. Bd5 Rd8 34. b3 Kg7 35. Rd3 a5 36. a4 bxa4 37. bxa4 Be7 38. Be4 Bc5+ 39. Ke2 Rxd3 40. Kxd3 Kf6 {Weighted Error Value: White=0.10/Black=0.09} 1/2-1/2

[Event "DSB-Kader-Challenge 2021"]
[Site "Magdeburg"]
[Date "2021.04.09"]
[Round "6.1"]
[White "Fridman, Daniel"]
[Black "Bluebaum, Matthias"]
[Result "1/2-1/2"]
[WhiteElo "2601"]
[BlackElo "2670"]
[Annotator "TA"]
[PlyCount "64"]
[EventDate "2021.04.05"]
[EventType "tourn"]
[EventCountry "GER"]
[SourceTitle "playchess.com"]
[Source "ChessBase"]
[SourceQuality "1"]

{[%evp 19,64,29,26,29,33,29,29,29,34,25,32,24,35,26,24,31,29,26,23,0,0,0,0,0,0,0,0,0,0,0,0,0,0,-15,-11,-10,-1,-2,0,0,0,-7,0,-5,0,-19,0]} 1. d4 Nf6 2. Nf3 d5 3. Bf4 c5 4. e3 Nc6 5. Nbd2 cxd4 6. exd4 Bg4 7. c3 e6 8. Qb3 Qc8 9. Bd3 Bh5 10. O-O Be7 11. Rfe1 {B13: Caro-Kann: Exchange Variation and Panov-Botvinnik Attack.} Bg6 $1 {[%mdl 4] is currently scoring better than 11...0-0.} 12. Bxg6 hxg6 13. Rac1 {White has an edge.} Nh5 14. Be3 {[#]} O-O $146 ({Predecessor:} 14... Qd7 15. c4 Nf6 16. c5 O-O 17. Ne5 Nxe5 18. dxe5 Ng4 19. Bd4 Bg5 20. Rc2 Nh6 {1-0 (58) Fuchs,J (1631)-Steppan,S (1453) Berlin 2014}) 15. c4 Qd7 16. cxd5 Na5 17. Qc3 Qxd5 18. Ne5 Nf6 19. b4 Nc6 {The position is equal.} 20. Nxc6 Qxc6 21. Qxc6 bxc6 22. a3 a5 $1 23. bxa5 Rxa5 24. Rxc6 Rxa3 25. Nf3 Nd5 26. Bd2 Bf6 27. Rec1 Ra2 28. R6c2 Ra4 29. Rc4 Ra2 30. R4c2 Ra4 31. Rc4 Ra2 32. R4c2 Ra4 {Not much happened in this game.  Weighted Error Value: White=0.03/Black=0.02} 1/2-1/2